000 00343 a2200157 4500
001 44259
020 _a8560129014
040 _cAnchieta - Aquarius
100 _aBrandão, Pedro Del Monte
240 1 0 _aO cãozinho bugs
_lpor
245 1 0 _aO cãozinho bugs
300 _a
362 0 _a2006
650 4 _aLiteratura infantil
942 _cBK
999 _c44259
_d44259